| 000 | 00816nam a2200205Ii 4500 | ||
|---|---|---|---|
| 003 | JO-AjNU | ||
| 008 | 230605s9999||||xx |||||||||||||| ||und|| | ||
| 017 | _a2015/3/942 | ||
| 040 |
_aJO-AjNU _bara _erda _cJO-AjNU |
||
| 041 | _aara | ||
| 050 | 1 | 4 | _aDS153.9.A4 2015 |
| 100 | 3 |
_aتاليف جمعية عجلون للبحوث والدراسات؛ تدقيق ومراجعة رفعات راجي الزغول، تدقيق ومراجعة علي أحمد العبدي, _eauthor _949100 |
|
| 245 | 0 | 0 | _aعجلونيات = AJLOUNIAT، المجلد الأول، العدد الأول |
| 264 | 3 | 1 | _aد.م: د.ن، 2015 |
| 300 | _aمج1،ع1، 73ص | ||
| 336 |
_atext _btxt _2rdacontent |
||
| 337 |
_aunmediated _bn _2rdamedia |
||
| 338 |
_avolume _bnc _2rdacarrier |
||
| 650 | 4 |
_aالاردن -تاريخ - عجلون _949101 |
|
| 999 |
_aA21545 _c25113 _d25113 |
||